000
00247nam a2200097Ia 4500
001
807704
005
20250826171236.0
008
250824s9999 xx 000 0 und d
245
0
_a
HÜSNÜYUSUF GÜZELLEMESİ
_c
AYLA KUTLU
260
_b
BİLGİ YAYINLARI
999
_c
807704
_d
807704